| 000 | 00566nam a22001937a 4500 | ||
|---|---|---|---|
| 005 | 20151016110135.0 | ||
| 010 | _aENG-113860 | ||
| 020 |
_a8123700369 _c95.00 |
||
| 020 |
_a9788123700366 _c95.00 |
||
| 035 | _aEN-97392 | ||
| 037 | _bDBAD/PUB | ||
| 082 | _a333.7 | ||
| 100 | _aFutehally, Laeeq | ||
| 245 |
_aOur environment / _cby Laeeq Futehally |
||
| 260 |
_aNew Delhi _bNational Book Trust _c2015 |
||
| 270 |
_aNehru Bhawan, 5 Institutional Area, Phase -II, _bNew Delhi _e110070 |
||
| 300 |
_a137p. _c22cm(pbk) |
||
| 942 |
_2ddc _cEN _mFUT _h333.7 |
||
| 999 |
_c95947 _d95947 |
||